000 00969nam a22002177a 4500
003 OSt
005 20170608093037.0
008 150408b2010 slv spa
040 _cBMC
082 _a005.8
100 1 _935040
_aFigueroa Velásquez, Neri Abdel
245 1 0 _aSistema informático administrador de proyectos para FUNDACESSA
_b: Informe de Proyecto
_cNeri Abdel Figueroa Velásquez, Jimmy Henry Linares Valencia
260 _aSanta Ana (El Salvador)
_bUniversidad Católica de El Salvador
_c2010
300 _a83 h.
_bil. col.
_c27 cm
_e+ 1 disco compacto
500 _aPrecede al tít.: Universidad Católica de El Salvador, Facultad de Ingeniería y Arquitectura
502 _aPara optar al título de Ingeniero en Sistemas Informáticos
650 2 4 _91950
_aSeguridad informática
700 1 _935041
_aLinares Valencia, Jimmy Henry
710 2 _91166
_aUniversidad Católica de El Salvador
_bFacultad de Ingeniería y Arquitectura
942 _2ddc
_cTG
999 _c21448
_d21448